000 00635nam a22002177a 4500
003 LK-CoMWRAF
005 20240319132016.0
008 240211b1976 |||||||| |||| 00| 0 eng d
040 _aLK-CoMWRAF
_dLK-CoMWRAF
_eLK-CoMWRAF
041 _aeng
082 _a305.8
_bMAR
100 _aMarikar, A. I. L.
245 _aThe Moors' association :
_bIts impact on the community
260 _aColombo :
_bAhamed lebbe mohamed lafir,
_c1976
300 _a400 p., ill.
650 _aMUSLIM COMMUNITY-Sri Lanka
650 _aThe Moors' association - Sri Lanka
700 _aMarkar, A. H. Macan
700 _aLafir, A. L. M.
942 _cBK
999 _c4732
_d4732